| 000 | 01101nam a2200277 a 4500 | ||
|---|---|---|---|
| 001 | 80874 | ||
| 003 | BD-RjUL | ||
| 005 | 20221201130808.0 | ||
| 008 | 221201s1965 ir 000 0 ara d | ||
| 035 | _a(BD-RjUL)80874 | ||
| 040 |
_aNNL _bara _cBD-RjUL |
||
| 041 | _aara | ||
| 082 |
_223 _a297.092 _bALM 1965 |
||
| 100 | 1 |
_aAllouji, Abdul Hamid علوجي، عبد الحميد _96111 |
|
| 245 | 1 | 0 |
_aمؤلفات ابن الجوزي Muʼallafāt Ibn al-Jawzī / _cتأليف عبد الحميد العلوجي taʼlīf ʻAbd al-Ḥamīd al-ʻAlwajī.,. |
| 260 |
_aBagdad : _b،شركة دار الجمهورية _c1965 |
||
| 300 |
_a290 ص ؛ _c٢٤ س. |
||
| 490 |
_aSilsilat al-kutub al-ḥadīthah ; _v9 |
||
| 500 | _aصفحة غلاف اضافية بالانكليزية | ||
| 600 |
_a Ibn al-Jawzī, Abū al-Faraj ʻAbd al-Raḥmān ibn ʻAlī, _96115 |
||
| 650 | _aBibliography | ||
| 710 | 2 |
_aمركز المخطوطات والتراث والوثائق _96113 |
|
| 830 |
_aSilsilat al-kutub al-ḥadīthah ; _v9 _96114 |
||
| 942 |
_2ddc _cBK |
||
| 990 | _auniversities | ||
| 999 |
_c80874 _d80874 |
||